[Event "Novorossiysk Small Land Blitz op"]
[Site "Novorossiysk"]
[Date "2023.07.29"]
[Round "9"]
[White "Chereshkevich, Yuri"]
[Black "Volkov, Maksim"]
[Result "1/2-1/2"]
[WhiteElo "1602"]
[BlackElo "2235"]
[PlyCount "53"]
[EventDate "2023.07.29"]
[EventType "swiss (blitz)"]
[EventRounds "13"]
[EventCountry "RUS"]
[SourceTitle "CBM 215 Extra"]
[Source "ChessBase"]
[SourceDate "2023.09.30"]
[SourceVersion "1"]
[SourceVersionDate "2023.09.30"]
[SourceQuality "1"]

1. d4 d5 2. c4 e6 3. Nc3 c6 4. Nf3 dxc4 5. a4 Bb4 6. e3 b5 7. Bd2 a5 8. Be2 Bxc3 9. Bxc3 Bb7 10. 0-0 Nf6 11. Ne5 0-0 12. Bf3 Nd5 13. e4 Nb6 14. axb5 cxb5 15. Bxa5 f6 16. Ng4 Nc6 17. Bxb6 Qxb6 18. Rxa8 Rxa8 19. d5 Nd4 20. dxe6 Nxf3+ 21. Qxf3 Qxe6 22. Qg3 Bxe4 23. Re1 Bc6 24. f3 Qc8 25. Nh6+ Kh8 26. Nf7+ Kg8 27. Nh6+ 1/2-1/2

[Event "Chigorin Memorial 29th"]
[Site "St Petersburg"]
[Date "2022.10.23"]
[Round "2"]
[White "Tsareva, Darya"]
[Black "Chereshkevich, Yuri"]
[Result "0-1"]
[WhiteElo "1315"]
[BlackElo "1723"]
[PlyCount "90"]
[EventDate "2022.10.22"]
[EventType "swiss"]
[EventRounds "9"]
[EventCountry "RUS"]
[SourceTitle "EXT 2024"]
[Source "ChessBase"]
[SourceDate "2023.10.10"]
[SourceVersion "1"]
[SourceVersionDate "2023.10.10"]
[SourceQuality "1"]

1. e4 c5 2. Nf3 Nc6 3. d4 cxd4 4. Nxd4 Nf6 5. Nc3 e5 6. Ndb5 d6 7. Bg5 a6 8. Na3 b5 9. Nd5 Be7 10. Bxf6 Bxf6 11. c3 Bg5 12. Nc2 Be6 13. a4 bxa4 14. Rxa4 a5 15. b4 0-0 16. b5 Bxd5 17. exd5 Nb8 18. h4 Be7 19. Nb4 Qc7 20. Nc6 Bd8 21. Be2 Nd7 22. h5 f5 23. g4 Nc5 24. Ra2 Ne4 25. Qd3 Qb6 26. Qe3 Qxe3 27. fxe3 Nxc3 28. Rb2 a4 29. 0-0 a3 30. Rc2 Nxe2+ 31. Rxe2 fxg4 32. Ra2 Rxf1+ 33. Kxf1 Bb6 34. Ne7+ Kf7 35. Nf5 Bc5 36. Kg2 Kf6 37. Ng3 Ra4 38. Kf2 Rb4 39. b6 Rb2+ 40. Rxb2 axb2 41. Ne4+ Kf5 42. Nc3 Bxb6 43. Ke2 e4 44. Kd2 Ba5 45. Kc2 Bxc3 0-1

[Event "EU-ch Schools U11"]
[Site "Tornelo INT"]
[Date "2021.12.04"]
[Round "5"]
[White "Chereshkevich, Yuri"]
[Black "Ghviniashvili, Nodar"]
[Result "1/2-1/2"]
[WhiteElo "1426"]
[BlackElo "1146"]
[PlyCount "135"]
[EventDate "2021.12.03"]
[EventType "swiss (rapid)"]
[EventRounds "7"]
[EventCountry "NET"]
[SourceTitle "EXT 2023"]
[Source "ChessBase"]
[SourceDate "2022.10.05"]
[SourceVersion "1"]
[SourceVersionDate "2022.10.05"]
[SourceQuality "1"]

1. b3 Nf6 2. Bb2 g6 3. e3 Bg7 4. f4 0-0 5. Nf3 d6 6. g3 c5 7. Bg2 Nc6 8. 0-0 Bd7 9. d3 Rc8 10. e4 b5 11. Nbd2 Na5 12. Qe2 Qc7 13. h3 c4 14. bxc4 bxc4 15. Bd4 Nh5 16. Qf2 cxd3 17. Bxg7 Kxg7 18. cxd3 Qc3 19. Qxa7 Nxg3 20. Qxd7 Nxf1 21. Rxf1 Qxd3 22. Qxe7 Rfe8 23. Qa7 Nc4 24. Nxc4 Rxc4 25. Ng5 Qd4+ 26. Qxd4+ Rxd4 27. h4 Rd2 28. Rf2 Rxf2 29. Kxf2 Ra8 30. Nf3 Rxa2+ 31. Kg3 Kf6 32. e5+ dxe5 33. fxe5+ Ke7 34. Nd4 Ra3+ 35. Kf4 Ra4 36. Ke3 Ra3+ 37. Ke4 f5+ 38. Kf4 Ra4 39. Ke3 Ra3+ 40. Kf4 Rd3 41. Nc6+ Ke6 42. Bf3 h6 43. Kg3 g5 44. hxg5 hxg5 45. Kf2 Rd2+ 46. Ke3 Rh2 47. Be2 f4+ 48. Kd3 Rh3+ 49. Kd4 f3 50. Bc4+ Kd7 51. e6+ Ke8 52. Ne5 Rh4+ 53. Kd5 Rh6 54. Bb5+ Ke7 55. Nc6+ Ke8 56. Nd4+ Kf8 57. Nxf3 g4 58. Ne5 Rh5 59. Be2 Rg5 60. Bxg4 Ke7 61. Bh3 Rh5 62. Bf1 Rf5 63. Be2 Rf2 64. Bf3 Rd2+ 65. Ke4 Kxe6 66. Bg4+ Kf6 67. Nd7+ Rxd7 68. Bxd7 1/2-1/2

[Event "Chigorin Memorial 27th"]
[Site "St Petersburg"]
[Date "2019.10.05"]
[Round "1"]
[White "Shihaliev, Leonard"]
[Black "Chereshkevich, Yuri"]
[Result "1-0"]
[WhiteElo "2080"]
[BlackElo "1478"]
[PlyCount "33"]
[EventDate "2019.10.05"]
[EventType "swiss"]
[EventRounds "9"]
[EventCountry "RUS"]
[SourceTitle "EXT 2020"]
[Source "ChessBase"]
[SourceDate "2019.10.17"]
[SourceVersion "1"]
[SourceVersionDate "2019.10.17"]
[SourceQuality "1"]

1. d4 f5 2. Nc3 Nf6 3. Bg5 d5 4. f3 Nc6 5. Qd2 b6 6. 0-0-0 Bb7 7. e4 fxe4 8. fxe4 dxe4 9. d5 Ne5 10. Qd4 Nf7 11. Bxf6 exf6 12. Bb5+ Ke7 13. Qxe4+ Ne5 14. d6+ cxd6 15. Qxb7+ Ke6 16. Nf3 g6 17. Nd4# 1-0